00999nam a22001937a 4500082001500000100003000015245007700045250000800122260002500130300001500155650008400170942000700254999001900261952010500280952010500385952010500490952010500595952010500700 a005.13 SUD aSudkamp, Thomas A.969601 aLanguages and machines:an introduction to the theory of computer science a3rd aIndiabPearsonc2017 axvii,654 P aLanguages and Machines:An introduction to the theory of computer science969602 cBK c576818d576818 001040708NFICaCEMEbCEMEcGENd2019-10-09l0o005.13 SUDpCEME-49931r2021-06-28w2021-06-28yBK 001040708NFICaCEMEbCEMEcGENd2019-10-09l0o005.13 SUDpCEME-49932r2021-06-28w2021-06-28yBK 001040708NFICaCEMEbCEMEcGENd2019-10-09l0o005.13 SUDpCEME-49933r2021-06-28w2021-06-28yBK 001040708NFICaCEMEbCEMEcGENd2019-10-09l0o005.13 SUDpCEME-49934r2021-06-28w2021-06-28yBK 001040708NFICaCEMEbCEMEcGENd2019-10-09l0o005.13 SUDpCEME-49935r2021-06-28w2021-06-28yBK